La meilleure carte FIFA de chaque année - Statistiques

Statistiques générales
  • Ce quiz a été pris 125 fois
  • Le résultat moyen est 15 sur 17
Statistiques - réponses
Hint Réponse % Correct
2024 (91) Kylian Mbappé
100%
2023 (91) Kylian Mbappé
100%
2019 (94) Cristiano Ronaldo
99%
2018 (94) Cristiano Ronaldo
99%
2017 (94) Cristiano Ronaldo
99%
2022 (92) Lionel Messi
99%
2021 (93) Lionel Messi
99%
2020 (94) Lionel Messi
99%
2016 (94) Lionel Messi
99%
2015 (93) Lionel Messi
99%
2014 (94) Lionel Messi
99%
2013 (94) Lionel Messi
99%
2012 (94) Lionel Messi
99%
2011 (90) Lionel Messi
99%
2010 (90) Lionel Messi
99%
2026 (91) Erling Haaland
6%
2025 (91) Aitana Bonmatí
0%
Aucun quiz correspondant
Distribution des résultats
% des personnes avec chaque résultat
Percentile par nombre de réponses
Votre historique - résultats
Vous n’avez pas pris ce quiz